| 000 | 00588nam a2200181 i 4500 | ||
|---|---|---|---|
| 001 | 25021 | ||
| 003 | ES-MaACL | ||
| 005 | 20230906153200.0 | ||
| 007 | t| | ||
| 008 | 021219m19291930fr ||||1| fre d | ||
| 100 | 1 |
_aAppell, Paul. _922111 |
|
| 245 | 1 | 0 |
_aTheorie des fonctions algebriques et de leurs intégrales / _cpar Paul Appell et Edouard Goursat ; edition revue et augmentee par F. Fatou. |
| 250 | _a12e ed. rev. y aum. | ||
| 260 |
_aParís : _bGauthier-Villars, _c1929-30. |
||
| 300 |
_a2 v. ; _c25 cm. |
||
| 700 | 1 |
_aFatou, F. _948932 |
|
| 852 |
_aES-MaACL _jF-15873-74 _bR.20499 |
||
| 999 |
_c25021 _d25021 |
||